[Event "Turkish Club Cup 2019"]
[Site "Konya"]
[Date "2019.07.19"]
[Round "6"]
[White "Oz, Ozan"]
[Black "Sarikas, Ertan"]
[Result "1-0"]
[WhiteElo "1923"]
[BlackElo "1612"]
[Annotator "NA"]
[PlyCount "117"]
[EventDate "2019.07.16"]
[EventType "team-tourn"]
[EventCountry "TUR"]
[SourceTitle "playchess.com"]
[Source "ChessBase"]
[SourceQuality "1"]
[TimeControl "5400+30"]

1. d4 {[%emt 0:00:30]} g6 {[%emt 0:00:30]} 2. Nc3 {[%emt 0:00:00]} Bg7 {[%emt 0:00:00]} 3. e4 {[%emt 0:00:00]} d6 {[%emt 0:01:00]} 4. Bf4 {[%emt 0:00:30]} c5 {[%emt 0:01:30]} 5. d5 {[%emt 0:01:30]} Qb6 {[%emt 0:13:30]} 6. Qc1 {[%emt 0:03:30]} Nf6 {[%emt 0:12:30]} 7. Bb5+ {[%emt 0:05:30]} Bd7 {[%emt 0:01:30]} 8. a4 {[%emt 0:02:30]} Bxb5 {[%emt 0:06:30]} 9. axb5 {[%emt 0:00:30]} Nbd7 {[%emt 0:01:30]} 10. Nge2 {[%emt 0:05:30]} O-O {[%emt 0:00:30]} 11. O-O {[%emt 0:00:00]} a6 {[%emt 0:03:30]} 12. bxa6 {[%emt 0:02:00]} Rxa6 {[%emt 0:00:30]} 13. Rb1 {[%emt 0:03:30]} Ng4 {[%emt 0:05:30]} 14. h3 {[%emt 0:03:30]} Nge5 {[%emt 0:01:30]} 15. Bh6 {[%emt 0:00:30]} Rfa8 {[%emt 0:02:30]} 16. Bxg7 {[%emt 0:11:30]} Kxg7 {[%emt 0:00:00]} 17. Qg5 {[%emt 0:01:30]} Nf6 {[%emt 0:05:00]} 18. Ng3 {[%emt 0:15:30]} e6 {[%emt 0:04:30]} 19. f4 {[%emt 0:06:30]} h6 {[%emt 0:03:30]} 20. Qh4 {[%emt 0:00:30]} Nc4 {[%emt 0:03:30]} 21. e5 {[%emt 0:06:30]} Ng8 {[%emt 0:02:30]} 22. dxe6 {[%emt 0:01:30]} fxe6 {[%emt 0:01:30]} 23. Qg4 {[%emt 0:04:30]} Ne3 {[%emt 0:06:30]} 24. Qxe6 {[%emt 0:00:30]} Nxf1 {[%emt 0:00:30]} 25. Nd5 {[%emt 0:04:30]} Qd8 {[%emt 0:02:30]} 26. Rxf1 {[%emt 0:01:02]} Qc8 {[%emt 0:02:39]} 27. f5 {[%emt 0:05:33]} Qxe6 {[%emt 0:03:34]} 28. fxe6 {[%emt 0:00:30]} Rf8 {[%emt 0:00:30]} 29. e7 {[%emt 0:00:30]} Rxf1+ {[%emt 0:00:14]} 30. Kxf1 {[%emt 0:02:07]} Nxe7 {[%emt 0:00:16]} 31. Nxe7 {[%emt 0:01:21]} dxe5 {[%emt 0:00:02]} 32. Ne4 {[%emt 0:00:41]} c4 {[%emt 0:02:01]} 33. Nd2 {[%emt 0:03:31]} Kf7 {[%emt 0:00:50]} 34. Nc8 {[%emt 0:00:17]} b5 {[%emt 0:00:16]} 35. Ne4 {[%emt 0:04:37]} Ra1+ {[%emt 0:03:21]} 36. Ke2 {[%emt 0:00:46]} Ke6 {[%emt 0:00:19]} 37. Kd2 {[%emt 0:04:03]} Kd5 {[%emt 0:02:26]} 38. Nc3+ {[%emt 0:00:29]} Kc5 {[%emt 0:00:17]} 39. Ne7 {[%emt 0:00:52]} Rg1 {[%emt 0:00:32]} 40. g3 {[%emt 0:00:32]} Rg2+ {[%emt 0:00:16]} 41. Ne2 {[%emt 0:00:14]} g5 {[%emt 0:07:01]} 42. Nf5 {[%emt 0:00:01]} Rh2 {[%emt 0:00:42]} 43. Nxh6 {[%emt 0:00:25]} Rxh3 {[%emt 0:00:59]} 44. Nf7 {[%emt 0:00:01]} b4 {[%emt 0:01:02]} 45. Nxg5 {[%emt 0:00:31]} Rh5 {[%emt 0:01:10]} 46. Ne4+ {[%emt 0:00:09]} Kc6 {[%emt 0:00:18]} 47. Ke3 {[%emt 0:01:46]} Rh8 {[%emt 0:00:33]} 48. g4 {[%emt 0:00:20]} Kd5 {[%emt 0:00:33]} 49. g5 {[%emt 0:00:42]} Ra8 {[%emt 0:01:16]} 50. c3 {[%emt 0:00:58]} b3 {[%emt 0:00:17]} 51. N2g3 {[%emt 0:00:30]} Ra2 {[%emt 0:00:22]} 52. g6 {[%emt 0:00:15]} Ke6 {[%emt 0:00:13]} 53. Nh5 {[%emt 0:00:46]} Ra8 {[%emt 0:01:26]} 54. g7 {[%emt 0:00:27]} Rd8 {[%emt 0:00:33]} 55. Nef6 {[%emt 0:00:12]} Rd3+ {[%emt 0:00:29]} 56. Ke2 {[%emt 0:00:40]} Rd8 {[%emt 0:00:30]} 57. g8=Q+ {[%emt 0:00:10]} Rxg8 {[%emt 0:00:38]} 58. Nxg8 {[%emt 0:00:30]} Kf5 {[%emt 0:00:00]} 59. Ke3 {[%emt 0:00:00]} 1-0

[Event "Turkish Club Cup 2019"]
[Site "Konya"]
[Date "2019.07.19"]
[Round "6"]
[White "Demirbas, Emre"]
[Black "Ince, Eray"]
[Result "1-0"]
[WhiteElo "1913"]
[BlackElo "1459"]
[Annotator "NA"]
[PlyCount "81"]
[EventDate "2019.07.16"]
[EventType "team-tourn"]
[EventCountry "TUR"]
[SourceTitle "playchess.com"]
[Source "ChessBase"]
[SourceQuality "1"]
[TimeControl "5400+30"]

1. e4 {[%emt 0:00:30]} d5 {[%emt 0:00:30]} 2. exd5 {[%emt 0:00:30]} Qxd5 {[%emt 0:00:30]} 3. Nc3 {[%emt 0:00:30]} Qd8 {[%emt 0:00:00]} 4. Nf3 {[%emt 0:00:00]} Nf6 {[%emt 0:00:00]} 5. Bc4 {[%emt 0:00:00]} e6 {[%emt 0:00:30]} 6. O-O {[%emt 0:01:30]} Bd6 {[%emt 0:00:30]} 7. d4 {[%emt 0:00:30]} O-O {[%emt 0:01:30]} 8. Bg5 {[%emt 0:01:30]} c6 {[%emt 0:01:30]} 9. Qe2 {[%emt 0:00:30]} Nbd7 {[%emt 0:01:30]} 10. Ne5 {[%emt 0:03:30]} Qa5 {[%emt 0:06:30]} 11. Nxf7 {[%emt 0:06:30]} Rxf7 {[%emt 0:01:30]} 12. Qxe6 {[%emt 0:00:00]} Ne5 {[%emt 0:00:30]} 13. Qxd6 {[%emt 0:03:00]} Nxc4 {[%emt 0:00:00]} 14. Qg3 {[%emt 0:00:30]} Nxb2 {[%emt 0:03:00]} 15. Bxf6 {[%emt 0:00:30]} Rxf6 {[%emt 0:00:30]} 16. Ne4 {[%emt 0:00:30]} Re6 {[%emt 0:01:30]} 17. Nc5 {[%emt 0:02:30]} Rg6 {[%emt 0:03:30]} 18. Qb3+ {[%emt 0:02:30]} Kh8 {[%emt 0:00:30]} 19. Rfe1 {[%emt 0:04:30]} Qd8 {[%emt 0:01:30]} 20. Qxb2 {[%emt 0:02:30]} Bh3 {[%emt 0:00:30]} 21. g3 {[%emt 0:00:30]} Qd5 {[%emt 0:00:30]} 22. Re4 {[%emt 0:00:30]} Re6 {[%emt 0:03:30]} 23. c4 {[%emt 0:04:30]} Qf5 {[%emt 0:01:30]} 24. Rf4 {[%emt 0:03:30]} Qxf4 {[%emt 0:02:30]} 25. Nxe6 {[%emt 0:00:30]} Qh6 {[%emt 0:04:30]} 26. Nf4 {[%emt 0:00:30]} Bg4 {[%emt 0:07:30]} 27. Re1 {[%emt 0:01:30]} Rf8 {[%emt 0:01:30]} 28. d5 {[%emt 0:03:30]} cxd5 {[%emt 0:02:30]} 29. cxd5 {[%emt 0:01:30]} b6 {[%emt 0:03:30]} 30. Qd4 {[%emt 0:02:30]} Rd8 {[%emt 0:05:30]} 31. Ne6 {[%emt 0:06:30]} Bxe6 {[%emt 0:02:30]} 32. dxe6 {[%emt 0:00:30]} Qf6 {[%emt 0:05:30]} 33. e7 {[%emt 0:05:30]} Re8 {[%emt 0:02:30]} 34. Qd7 {[%emt 0:00:30]} Qg6 {[%emt 0:00:30]} 35. h4 {[%emt 0:04:30]} Kg8 {[%emt 0:00:30]} 36. Re3 {[%emt 0:02:30]} a6 {[%emt 0:02:30]} 37. Rc3 {[%emt 0:02:30]} Qb1+ {[%emt 0:01:30]} 38. Kh2 {[%emt 0:00:30]} Qb5 {[%emt 0:00:30]} 39. Qe6+ {[%emt 0:00:30]} Kh8 {[%emt 0:00:00]} 40. Rf3 {[%emt 0:00:00]} Qc5 {[%emt 0:02:00]} 41. Qf7 {[%emt 0:00:00]} 1-0

[Event "Turkish Club Cup 2019"]
[Site "Konya"]
[Date "2019.07.19"]
[Round "6"]
[White "Guner, Sati Emre"]
[Black "Yasin, Hur"]
[Result "0-1"]
[WhiteElo "1912"]
[BlackElo "1953"]
[Annotator "NA"]
[PlyCount "59"]
[EventDate "2019.07.16"]
[EventType "team-tourn"]
[EventCountry "TUR"]
[SourceTitle "playchess.com"]
[Source "ChessBase"]
[SourceQuality "1"]
[TimeControl "5400+30"]

1. e4 {[%emt 0:00:30]} e6 2. d4 {[%emt 0:00:00]} d5 {[%emt 0:01:00]} 3. e5 {[%emt 0:00:00]} c5 {[%emt 0:00:00]} 4. c3 {[%emt 0:00:30]} Nc6 {[%emt 0:00:00]} 5. Nf3 {[%emt 0:00:30]} Bd7 {[%emt 0:00:30]} 6. Be2 {[%emt 0:00:30]} f6 {[%emt 0:00:30]} 7. O-O {[%emt 0:01:30]} Qc7 {[%emt 0:00:00]} 8. Re1 {[%emt 0:00:30]} O-O-O {[%emt 0:00:00]} 9. Bf4 {[%emt 0:02:30]} h6 {[%emt 0:00:30]} 10. c4 {[%emt 0:14:30]} dxc4 {[%emt 0:19:30]} 11. Bxc4 {[%emt 0:05:30]} cxd4 {[%emt 0:05:30]} 12. Nxd4 {[%emt 0:13:30]} Nxd4 {[%emt 0:06:30]} 13. Qxd4 {[%emt 0:02:30]} Bc5 {[%emt 0:00:30]} 14. Qc3 {[%emt 0:01:30]} g5 {[%emt 0:08:30]} 15. Be3 {[%emt 0:03:30]} Bxe3 {[%emt 0:00:30]} 16. Qxe3 {[%emt 0:01:30]} Qxc4 {[%emt 0:00:30]} 17. Na3 {[%emt 0:02:30]} Qa6 {[%emt 0:01:30]} 18. exf6 {[%emt 0:00:30]} Kb8 {[%emt 0:02:30]} 19. Rad1 {[%emt 0:02:30]} Qb6 {[%emt 0:07:30]} 20. Rxd7 {[%emt 0:03:30]} Rxd7 {[%emt 0:05:30]} 21. Qe5+ {[%emt 0:04:30]} Ka8 {[%emt 0:05:30]} 22. Nc4 {[%emt 0:00:00]} Qd4 {[%emt 0:11:30]} 23. f7 {[%emt 0:06:00]} Ne7 {[%emt 0:05:50]} 24. Qxe6 {[%emt 0:01:30]} Nc6 {[%emt 0:00:36]} 25. h3 {[%emt 0:09:30]} Nd8 {[%emt 0:00:35]} 26. Qf5 {[%emt 0:06:32]} Nxf7 {[%emt 0:00:30]} 27. Re4 {[%emt 0:00:33]} Qd5 {[%emt 0:01:35]} 28. Qg6 {[%emt 0:01:49]} Rc8 {[%emt 0:03:13]} 29. b3 {[%emt 0:00:22]} Nd6 {[%emt 0:01:48]} 30. Rg4 {[%emt 0:02:52]} 0-1

[Event "Turkish Club Cup 2019"]
[Site "Konya"]
[Date "2019.07.19"]
[Round "6"]
[White "Yanik, Emine"]
[Black "Simsek, Meltem"]
[Result "0-1"]
[WhiteElo "1911"]
[BlackElo "1684"]
[Annotator "NA"]
[PlyCount "54"]
[EventDate "2019.07.16"]
[EventType "team-tourn"]
[EventCountry "TUR"]
[SourceTitle "playchess.com"]
[Source "ChessBase"]
[SourceQuality "1"]
[TimeControl "5400+30"]

1. d4 {[%emt 0:00:30]} Nf6 {[%emt 0:00:30]} 2. Nf3 {[%emt 0:00:00]} d5 {[%emt 0:00:30]} 3. e3 {[%emt 0:00:00]} g6 {[%emt 0:00:00]} 4. Bd3 {[%emt 0:00:30]} Bg7 {[%emt 0:00:00]} 5. Nbd2 {[%emt 0:00:30]} O-O {[%emt 0:07:30]} 6. b3 {[%emt 0:00:30]} c6 {[%emt 0:01:30]} 7. Bb2 {[%emt 0:00:30]} Nbd7 {[%emt 0:02:30]} 8. O-O {[%emt 0:00:30]} Re8 {[%emt 0:00:30]} 9. c4 {[%emt 0:06:30]} e5 {[%emt 0:03:30]} 10. dxe5 {[%emt 0:03:30]} Ng4 {[%emt 0:00:30]} 11. cxd5 {[%emt 0:01:30]} Ndxe5 {[%emt 0:02:30]} 12. Nxe5 {[%emt 0:06:30]} Nxe5 {[%emt 0:00:30]} 13. Bc2 {[%emt 0:06:30]} Qxd5 {[%emt 0:00:30]} 14. e4 {[%emt 0:02:30]} Qd6 {[%emt 0:01:30]} 15. Rb1 {[%emt 0:21:30]} Bg4 {[%emt 0:09:30]} 16. f3 {[%emt 0:16:30]} Be6 {[%emt 0:00:30]} 17. Kh1 {[%emt 0:07:30]} Rad8 {[%emt 0:03:30]} 18. Bxe5 {[%emt 0:07:11]} Bxe5 {[%emt 0:01:30]} 19. Nc4 {[%emt 0:01:24]} Qc7 {[%emt 0:00:30]} 20. Qc1 {[%emt 0:00:38]} Bf4 {[%emt 0:00:30]} 21. Qa3 {[%emt 0:02:19]} b5 {[%emt 0:00:30]} 22. Na5 {[%emt 0:02:51]} Rd2 {[%emt 0:01:30]} 23. Bd1 {[%emt 0:02:02]} Bxh2 {[%emt 0:00:30]} 24. Rb2 {[%emt 0:00:30]} Red8 {[%emt 0:01:30]} 25. Nxc6 {[%emt 0:01:10]} Rxd1 {[%emt 0:05:30]} 26. Rb1 {[%emt 0:01:53]} Rxf1+ {[%emt 0:00:00]} 27. Rxf1 {[%emt 0:00:26]} Qxc6 {[%emt 0:00:00]} 0-1

[Event "Turkish Club Cup 2019"]
[Site "Konya"]
[Date "2019.07.19"]
[Round "6"]
[White "Guder, Eyup Sabri"]
[Black "Kul, Ozdemir Efe"]
[Result "1/2-1/2"]
[WhiteElo "1909"]
[BlackElo "1974"]
[Annotator "NA"]
[PlyCount "67"]
[EventDate "2019.07.16"]
[EventType "team-tourn"]
[EventCountry "TUR"]
[SourceTitle "playchess.com"]
[Source "ChessBase"]
[SourceQuality "1"]
[TimeControl "5400+30"]

1. c4 {[%emt 0:00:30]} Nf6 {[%emt 0:00:30]} 2. d4 {[%emt 0:00:30]} g6 {[%emt 0:00:30]} 3. Nc3 {[%emt 0:06:30]} Bg7 {[%emt 0:06:30]} 4. Nf3 {[%emt 0:08:30]} d6 {[%emt 0:02:30]} 5. e4 {[%emt 0:01:30]} O-O {[%emt 0:04:30]} 6. Be2 {[%emt 0:00:30]} e5 {[%emt 0:05:30]} 7. dxe5 {[%emt 0:05:30]} dxe5 {[%emt 0:09:30]} 8. Qxd8 {[%emt 0:00:30]} Rxd8 {[%emt 0:00:30]} 9. Nxe5 {[%emt 0:00:30]} Nxe4 {[%emt 0:06:30]} 10. Nxe4 {[%emt 0:06:30]} Bxe5 {[%emt 0:00:30]} 11. Bg5 {[%emt 0:11:30]} Re8 {[%emt 0:11:30]} 12. Nf6+ {[%emt 0:02:30]} Bxf6 {[%emt 0:00:30]} 13. Bxf6 {[%emt 0:00:00]} Bf5 {[%emt 0:03:30]} 14. Rd1 {[%emt 0:13:00]} Nd7 {[%emt 0:03:30]} 15. Bg5 {[%emt 0:02:30]} Ne5 {[%emt 0:05:30]} 16. O-O {[%emt 0:01:30]} f6 {[%emt 0:01:30]} 17. Be3 {[%emt 0:01:30]} Ng4 {[%emt 0:02:30]} 18. Bxg4 {[%emt 0:00:30]} Bxg4 {[%emt 0:00:30]} 19. Rd2 {[%emt 0:00:30]} b6 {[%emt 0:02:30]} 20. Re1 {[%emt 0:00:30]} Rad8 {[%emt 0:00:30]} 21. f3 {[%emt 0:00:30]} Rxd2 {[%emt 0:01:30]} 22. Bxd2 {[%emt 0:00:30]} Rxe1+ {[%emt 0:00:30]} 23. Bxe1 {[%emt 0:00:30]} Be6 {[%emt 0:00:30]} 24. b3 {[%emt 0:00:30]} Kf7 {[%emt 0:03:30]} 25. Kf2 {[%emt 0:00:30]} a6 {[%emt 0:00:00]} 26. Ke3 {[%emt 0:00:30]} Bc8 {[%emt 0:01:00]} 27. g3 {[%emt 0:01:30]} Ke6 {[%emt 0:00:30]} 28. Bc3 {[%emt 0:00:30]} Bb7 {[%emt 0:00:30]} 29. f4 {[%emt 0:00:00]} Bg2 {[%emt 0:00:30]} 30. a3 {[%emt 0:01:00]} h5 {[%emt 0:00:30]} 31. h4 {[%emt 0:01:30]} Bh3 {[%emt 0:02:30]} 32. Bb2 {[%emt 0:02:30]} Bg4 {[%emt 0:00:30]} 33. Bc3 {[%emt 0:00:30]} Bf5 {[%emt 0:00:00]} 34. Bb2 {[%emt 0:00:30]} 1/2-1/2

[Event "Turkish Club Cup 2019"]
[Site "Konya"]
[Date "2019.07.19"]
[Round "6"]
[White "Cam, Vedat"]
[Black "Gok, Emre"]
[Result "1-0"]
[WhiteElo "1907"]
[BlackElo "1825"]
[Annotator "NA"]
[PlyCount "145"]
[EventDate "2019.07.16"]
[EventType "team-tourn"]
[EventCountry "TUR"]
[SourceTitle "playchess.com"]
[Source "ChessBase"]
[SourceQuality "1"]
[TimeControl "5400+30"]

1. c4 {[%emt 0:00:30]} e6 {[%emt 0:00:30]} 2. d4 {[%emt 0:04:30]} Nf6 {[%emt 0:00:30]} 3. Nc3 {[%emt 0:00:30]} Bb4 {[%emt 0:00:00]} 4. a3 {[%emt 0:02:30]} Bxc3+ {[%emt 0:00:00]} 5. bxc3 {[%emt 0:00:00]} O-O {[%emt 0:01:30]} 6. Bg5 {[%emt 0:00:00]} h6 {[%emt 0:04:30]} 7. Bh4 {[%emt 0:05:30]} c5 {[%emt 0:00:30]} 8. Bxf6 {[%emt 0:02:30]} Qxf6 {[%emt 0:00:30]} 9. e3 {[%emt 0:00:30]} b6 {[%emt 0:01:30]} 10. Nf3 {[%emt 0:00:30]} Bb7 {[%emt 0:00:30]} 11. Bd3 {[%emt 0:01:30]} Nc6 {[%emt 0:03:30]} 12. O-O {[%emt 0:03:30]} d6 {[%emt 0:04:30]} 13. Nd2 {[%emt 0:01:30]} Na5 {[%emt 0:06:30]} 14. Qe2 {[%emt 0:06:30]} Qe7 {[%emt 0:05:30]} 15. e4 {[%emt 0:02:30]} e5 {[%emt 0:00:30]} 16. Qe3 {[%emt 0:06:30]} exd4 {[%emt 0:08:30]} 17. cxd4 {[%emt 0:00:30]} Nc6 {[%emt 0:00:00]} 18. d5 {[%emt 0:00:30]} Nd4 {[%emt 0:03:00]} 19. f4 {[%emt 0:00:30]} Rfe8 {[%emt 0:05:30]} 20. Qg3 {[%emt 0:12:30]} Bc8 {[%emt 0:05:30]} 21. Rae1 {[%emt 0:01:30]} Bd7 {[%emt 0:00:30]} 22. Nf3 {[%emt 0:02:30]} Nxf3+ {[%emt 0:00:30]} 23. Qxf3 {[%emt 0:01:30]} Rab8 {[%emt 0:16:30]} 24. e5 {[%emt 0:02:30]} Qf8 {[%emt 0:01:30]} 25. Qe4 {[%emt 0:11:30]} g6 {[%emt 0:01:30]} 26. e6 {[%emt 0:01:30]} f5 {[%emt 0:05:30]} 27. Qf3 {[%emt 0:02:30]} Ba4 {[%emt 0:01:30]} 28. g4 {[%emt 0:00:30]} b5 {[%emt 0:02:30]} 29. gxf5 {[%emt 0:03:30]} bxc4 {[%emt 0:00:30]} 30. Bb1 {[%emt 0:02:30]} gxf5 {[%emt 0:05:25]} 31. Qh5 {[%emt 0:00:30]} Re7 {[%emt 0:03:18]} 32. Kh1 {[%emt 0:09:04]} Rxb1 {[%emt 0:05:42]} 33. Rxb1 {[%emt 0:01:12]} Bc2 {[%emt 0:00:02]} 34. Rg1+ {[%emt 0:03:01]} Rg7 {[%emt 0:00:27]} 35. Qf7+ {[%emt 0:05:29]} Qxf7 {[%emt 0:00:49]} 36. exf7+ {[%emt 0:00:08]} Kh7 {[%emt 0:02:29]} 37. f8=N+ {[%emt 0:02:11]} Kh8 {[%emt 0:03:30]} 38. Rbe1 {[%emt 0:02:02]} Be4+ {[%emt 0:00:30]} 39. Rxe4 {[%emt 0:02:22]} fxe4 {[%emt 0:02:04]} 40. Rc1 {[%emt 0:00:07]} Rf7 {[%emt 0:00:56]} 41. Ne6 {[%emt 0:00:12]} Rf5 {[%emt 0:01:20]} 42. Rxc4 {[%emt 0:00:30]} Rxd5 {[%emt 0:00:00]} 43. Rxe4 {[%emt 0:00:16]} Kg8 {[%emt 0:00:11]} 44. Ra4 {[%emt 0:00:41]} Kf7 {[%emt 0:00:02]} 45. Nd8+ {[%emt 0:00:30]} Kf6 {[%emt 0:00:30]} 46. Rxa7 {[%emt 0:00:35]} Kf5 {[%emt 0:00:41]} 47. Rf7+ {[%emt 0:00:23]} Ke4 {[%emt 0:00:00]} 48. Kg2 {[%emt 0:00:20]} c4 {[%emt 0:00:19]} 49. Nc6 {[%emt 0:01:05]} c3 {[%emt 0:00:45]} 50. Nb4 {[%emt 0:00:46]} Rd2+ {[%emt 0:00:25]} 51. Kg3 {[%emt 0:00:00]} d5 {[%emt 0:01:12]} 52. Re7+ {[%emt 0:00:02]} Kd4 {[%emt 0:00:31]} 53. f5 {[%emt 0:00:27]} Kc4 {[%emt 0:01:44]} 54. f6 {[%emt 0:00:13]} Rd1 {[%emt 0:00:00]} 55. Kf2 {[%emt 0:00:45]} Rd2+ {[%emt 0:00:34]} 56. Ke1 {[%emt 0:01:12]} Rd4 {[%emt 0:00:07]} 57. f7 {[%emt 0:00:58]} Rf4 {[%emt 0:00:01]} 58. Rc7+ {[%emt 0:00:02]} Kd4 {[%emt 0:00:58]} 59. Rxc3 {[%emt 0:00:49]} Rxf7 {[%emt 0:00:52]} 60. Rd3+ {[%emt 0:00:30]} Kc4 {[%emt 0:00:01]} 61. Rxd5 {[%emt 0:00:00]} Ra7 {[%emt 0:00:19]} 62. Rd4+ {[%emt 0:00:18]} Kc3 {[%emt 0:01:02]} 63. Rd3+ {[%emt 0:00:02]} Kc4 {[%emt 0:00:23]} 64. Kf2 {[%emt 0:00:30]} Rg7 {[%emt 0:00:44]} 65. Rd6 {[%emt 0:00:18]} Ra7 {[%emt 0:00:48]} 66. Nc2 {[%emt 0:00:28]} Kc3 {[%emt 0:00:05]} 67. Ne1 {[%emt 0:00:37]} h5 {[%emt 0:00:00]} 68. Kg3 {[%emt 0:00:21]} Ra4 {[%emt 0:00:01]} 69. Rd3+ {[%emt 0:01:05]} Kb2 {[%emt 0:00:06]} 70. h3 {[%emt 0:00:30]} h4+ {[%emt 0:00:11]} 71. Kf2 {[%emt 0:00:10]} Rf4+ {[%emt 0:00:04]} 72. Nf3 {[%emt 0:00:33]} Kc2 {[%emt 0:00:03]} 73. Rd4 {[%emt 0:00:17]} 1-0

[Event "Turkish Club Cup 2019"]
[Site "Konya"]
[Date "2019.07.19"]
[Round "6"]
[White "Taskiran, Recep"]
[Black "Ersahin, Bulent"]
[Result "0-1"]
[WhiteElo "1898"]
[BlackElo "2179"]
[Annotator "NA"]
[PlyCount "78"]
[EventDate "2019.07.16"]
[EventType "team-tourn"]
[EventCountry "TUR"]
[SourceTitle "playchess.com"]
[Source "ChessBase"]
[SourceQuality "1"]
[TimeControl "5400+30"]

1. e4 {[%emt 0:00:30]} c5 {[%emt 0:00:30]} 2. Nf3 {[%emt 0:00:00]} Nc6 {[%emt 0:00:30]} 3. Bb5 {[%emt 0:00:00]} e6 {[%emt 0:00:00]} 4. O-O {[%emt 0:00:30]} Nge7 {[%emt 0:00:00]} 5. d4 {[%emt 0:02:30]} cxd4 {[%emt 0:00:00]} 6. c3 {[%emt 0:03:30]} a6 {[%emt 0:09:00]} 7. Bxc6 {[%emt 0:00:30]} bxc6 {[%emt 0:00:30]} 8. cxd4 $11 {[%emt 0:01:30]} Ng6 {[%emt 0:00:30]} 9. d5 {[%emt 0:00:30]} cxd5 {[%emt 0:02:30]} 10. exd5 {[%emt 0:03:30]} Be7 {[%emt 0:05:30]} 11. Nc3 {[%emt 0:00:30]} O-O {[%emt 0:00:30]} 12. d6 {[%emt 0:00:30]} Bf6 {[%emt 0:00:30]} 13. Ne4 {[%emt 0:00:30]} Bb7 {[%emt 0:00:30]} 14. Re1 {[%emt 0:04:30]} Rc8 {[%emt 0:03:30]} 15. Qd3 {[%emt 0:04:30]} Bxe4 {[%emt 0:12:30]} 16. Rxe4 {[%emt 0:04:30]} Rc6 {[%emt 0:00:30]} 17. Rc4 {[%emt 0:02:30]} Qb6 {[%emt 0:04:30]} 18. Rxc6 {[%emt 0:00:30]} Qxc6 {[%emt 0:00:00]} 19. Be3 {[%emt 0:00:30]} Rc8 {[%emt 0:08:00]} 20. Kf1 {[%emt 0:27:30]} Qb7 {[%emt 0:19:30]} 21. Rb1 {[%emt 0:03:30]} Rc6 {[%emt 0:03:30]} 22. b4 {[%emt 0:01:30]} Rc3 {[%emt 0:02:30]} 23. Qe2 {[%emt 0:00:30]} Qe4 {[%emt 0:04:30]} 24. Rd1 {[%emt 0:07:30]} Qc6 {[%emt 0:01:30]} 25. h3 {[%emt 0:07:30]} h6 {[%emt 0:00:30]} 26. Ne1 {[%emt 0:10:46]} Be5 {[%emt 0:01:45]} 27. Qd2 {[%emt 0:01:42]} Qc4+ {[%emt 0:04:06]} 28. Qe2 {[%emt 0:00:38]} Qxe2+ {[%emt 0:00:39]} 29. Kxe2 {[%emt 0:00:03]} Ra3 {[%emt 0:00:56]} 30. Rd2 {[%emt 0:01:22]} Bc3 {[%emt 0:01:03]} 31. Rc2 {[%emt 0:00:09]} Bxb4 {[%emt 0:00:59]} 32. Rc8+ {[%emt 0:06:57]} Kh7 {[%emt 0:01:00]} 33. Nc2 {[%emt 0:00:43]} Rxa2 {[%emt 0:00:33]} 34. Kd1 {[%emt 0:00:27]} Bxd6 {[%emt 0:01:10]} 35. Rd8 {[%emt 0:00:33]} Ne5 {[%emt 0:02:23]} 36. f4 {[%emt 0:02:19]} Be7 {[%emt 0:02:21]} 37. Rc8 {[%emt 0:00:26]} Nc6 {[%emt 0:01:43]} 38. Rc7 {[%emt 0:00:12]} Nb4 {[%emt 0:00:21]} 39. Ne1 {[%emt 0:01:11]} Nd5 {[%emt 0:00:07]} 0-1

[Event "Turkish Club Cup 2019"]
[Site "Konya"]
[Date "2019.07.19"]
[Round "6"]
[White "Aydin, Ismail"]
[Black "Ozoglu, Berker"]
[Result "1-0"]
[WhiteElo "1896"]
[BlackElo "1854"]
[Annotator "NA"]
[PlyCount "117"]
[EventDate "2019.07.16"]
[EventType "team-tourn"]
[EventCountry "TUR"]
[SourceTitle "playchess.com"]
[Source "ChessBase"]
[SourceQuality "1"]
[TimeControl "5400+30"]

1. d4 {[%emt 0:00:30]} Nf6 {[%emt 0:01:30]} 2. Nf3 {[%emt 0:00:00]} b6 {[%emt 0:00:00]} 3. Bf4 {[%emt 0:00:00]} Bb7 {[%emt 0:00:00]} 4. e3 {[%emt 0:00:00]} e6 {[%emt 0:00:30]} 5. Bd3 {[%emt 0:00:00]} d5 {[%emt 0:00:30]} 6. Nbd2 {[%emt 0:00:30]} c5 {[%emt 0:00:30]} 7. c3 {[%emt 0:00:00]} Bd6 {[%emt 0:00:30]} 8. Bg3 {[%emt 0:00:00]} Bxg3 {[%emt 0:01:30]} 9. hxg3 {[%emt 0:00:00]} Nbd7 {[%emt 0:03:30]} 10. Qe2 {[%emt 0:00:00]} Ne4 {[%emt 0:00:30]} 11. Rd1 {[%emt 0:02:30]} O-O {[%emt 0:10:30]} 12. Ne5 {[%emt 0:03:30]} f5 {[%emt 0:03:30]} 13. Nxd7 {[%emt 0:09:30]} Qxd7 {[%emt 0:01:30]} 14. Bxe4 {[%emt 0:06:30]} dxe4 {[%emt 0:00:30]} 15. dxc5 {[%emt 0:02:30]} bxc5 {[%emt 0:03:30]} 16. Nc4 {[%emt 0:13:30]} Qc7 {[%emt 0:03:30]} 17. Qh5 {[%emt 0:12:30]} g6 {[%emt 0:17:30]} 18. Qh4 {[%emt 0:11:30]} Rf7 {[%emt 0:09:30]} 19. Qf4 {[%emt 0:07:30]} Ba6 {[%emt 0:12:30]} 20. Qxc7 {[%emt 0:11:19]} Rxc7 {[%emt 0:00:30]} 21. Ne5 {[%emt 0:00:00]} Rb8 {[%emt 0:07:30]} 22. b3 {[%emt 0:00:19]} Bd3 {[%emt 0:00:30]} 23. Nxd3 {[%emt 0:00:52]} exd3 {[%emt 0:00:00]} 24. c4 {[%emt 0:00:55]} Rd7 {[%emt 0:01:00]} 25. f4 {[%emt 0:00:04]} e5 {[%emt 0:00:00]} 26. fxe5 {[%emt 0:02:26]} Re8 {[%emt 0:00:00]} 27. Kd2 {[%emt 0:01:17]} Rxe5 {[%emt 0:00:30]} 28. Rhe1 {[%emt 0:01:03]} Re4 {[%emt 0:00:30]} 29. Kc3 {[%emt 0:00:06]} Rg4 {[%emt 0:00:30]} 30. Rxd3 {[%emt 0:00:22]} Rxd3+ {[%emt 0:00:30]} 31. Kxd3 {[%emt 0:00:30]} Rxg3 {[%emt 0:00:00]} 32. Re2 {[%emt 0:00:17]} Kf7 {[%emt 0:00:00]} 33. Kd2 {[%emt 0:01:00]} Kf6 {[%emt 0:00:30]} 34. Ke1 {[%emt 0:00:04]} Rg4 {[%emt 0:01:30]} 35. Rd2 {[%emt 0:00:52]} Re4 {[%emt 0:01:30]} 36. Kf2 {[%emt 0:00:59]} a5 {[%emt 0:00:30]} 37. a4 {[%emt 0:01:56]} Re7 {[%emt 0:00:30]} 38. Rd5 {[%emt 0:00:16]} Rc7 {[%emt 0:01:30]} 39. Rd6+ {[%emt 0:05:37]} Kg5 {[%emt 0:00:00]} 40. Ra6 {[%emt 0:00:23]} Rb7 {[%emt 0:00:00]} 41. Rxa5 {[%emt 0:00:17]} Rxb3 {[%emt 0:00:30]} 42. Rxc5 {[%emt 0:00:21]} Rb4 {[%emt 0:00:30]} 43. a5 {[%emt 0:00:16]} Kg4 {[%emt 0:00:00]} 44. Ke2 {[%emt 0:01:05]} Ra4 {[%emt 0:01:00]} 45. Kd3 {[%emt 0:00:09]} h5 {[%emt 0:00:00]} 46. Rb5 {[%emt 0:00:09]} Ra1 {[%emt 0:01:00]} 47. c5 {[%emt 0:00:15]} f4 {[%emt 0:01:30]} 48. exf4 {[%emt 0:02:11]} Kxf4 {[%emt 0:00:00]} 49. Kd4 {[%emt 0:02:33]} Rd1+ {[%emt 0:01:00]} 50. Kc4 {[%emt 0:00:05]} Ke5 {[%emt 0:00:00]} 51. Rb6 {[%emt 0:00:22]} g5 {[%emt 0:01:00]} 52. a6 {[%emt 0:00:35]} h4 {[%emt 0:00:38]} 53. Kb5 {[%emt 0:00:08]} Ra1 {[%emt 0:00:34]} 54. Rg6 {[%emt 0:00:47]} Kf5 {[%emt 0:01:46]} 55. Rg8 {[%emt 0:00:14]} g4 {[%emt 0:00:21]} 56. c6 {[%emt 0:00:19]} h3 {[%emt 0:01:54]} 57. gxh3 {[%emt 0:00:13]} gxh3 {[%emt 0:00:14]} 58. c7 {[%emt 0:00:11]} Rb1+ {[%emt 0:01:16]} 59. Ka4 {[%emt 0:00:05]} 1-0